000 00737nam a2200289Ia 4500
005 20260324115730.0
008 008 260324s9999 xx 000 0 eng d
020 _a9781315371559
037 _aEBOOK
040 _aCRL
040 _beng
040 _cCRL
041 _2eng
041 _aeng
084 _qCRL
100 _aA.K. Bajpai; Jaya Bajpai; Rajesh Kumar Saini; Priyanka Agrawal; Atul Tiwari
_91155798
245 0 _aSmart Biomaterial Devices
245 0 _bPolymers in Biomedical Sciences
260 _bTaylor and Francis
260 _c2016
365 _a
365 _b320
856 _uhttp://www.taylorfrancis.com/books/9781315371559
942 _cEBOOK
999 _c1746889
_d1746889